| 000 | 01489nam a22004097a 4500 | ||
|---|---|---|---|
| 003 | CHAP | ||
| 005 | 20220329143252.0 | ||
| 008 | 071116d199? mx ad r 00110 spa d | ||
| 010 | _a94218 | ||
| 011 | _a95190 | ||
| 035 | _a105801 | ||
| 040 | _cCHAP | ||
| 082 | 0 | 4 |
_a631.4 _bD44Y |
| 100 | 1 |
_aDeer, W. A. _931494 |
|
| 245 | 1 | 0 |
_aIntroducción a los minerales formadores de roca _c/trad. por Gregorio González R. y Luis Velázquez R. |
| 260 |
_aChapingo, Méx. : _bUACH. Departamento de Suelos, _c[s. a.]. |
||
| 300 |
_a258 p. : _bcuadros, :gráfs. ; ilus. ; |
||
| 500 | _aTrad. de: An introdution to the rock forming minerals | ||
| 505 | 0 | _aPte.1 Tectosilicatos. -- Pte.2 No Silicatos | |
| 590 |
_aBATCH-UPD _b10 _c20130110 _lUCH01 _h0520 |
||
| 590 |
_aBATCH-UPD _b10 _c20130410 _lUCH01 _h0159 |
||
| 590 |
_aBATCH-UPD _b10 _c20130914 _lUCH01 _h1625 |
||
| 590 |
_aCONVERSION _b10 _c20130109 _lUCH01 _h1352 |
||
| 650 | 1 | 4 |
_aMinerales _xAnálisis. _975932 |
| 650 | 1 | 4 |
_aQuímica agrícola. _993576 |
| 650 | 1 | 4 |
_aRocas _xAnálisis. _998162 |
| 650 | 1 | 4 |
_aSuelos _xAnálisis. _9110204 |
| 650 | 1 | 4 |
_aSuelos _xElementos minerales. _9110356 |
| 650 | 1 | 4 |
_aSuelos _xQuímica de. _9110470 |
| 700 | 0 |
_aZussman, J. _9124309 |
|
| 700 | 1 |
_aHowie _956512 |
|
| 901 | _aBK | ||
| 905 | _aProceso | ||
| 942 | _cLIBRO | ||
| 949 |
_a631.4 D44Y _bBC _cUACH _d33724002042660 _eUACH _fPte.2 _gDonaciØn _h108894 _i105801 _sb |
||
| 949 |
_a631.4 D44Y _bBC _cUACH _d33724002042678 _eUACH _fPte.1 _gDonaciØn _h108923 _i105801 _sb |
||
| 999 |
_c94218 _d94218 |
||